000 01252cam a22002655a 4500
001 L158058
002 19675
008 111021S2014 xxk 000 0 eng d
020 _a9781482204063
035 _a(Sirsi) u158058
041 0 _aeng
050 _a692.5 $2 18
245 0 0 _aSpon's architects' and builders' price book 2014
250 _a139th ed.
260 _aAbingdon
_bSpon Press
_c2014
505 _aGeneral -- Approximate estimating -- Rates of wages -- Prices for measured works: major works -- Prices for measured works: minor works -- Fees for professional services -- Daywork and prime cost -- Tables and memoranda
520 _aProvides construction price information through for the UK. Suits a wide range of project sizes, sets out a detailed cost base for contracts exceeding £3,500,00 in value. Updated two or three times a year. NRM1 and NRM2 are used instead of SMM7R as the measurement standards throughout. As well as an overhaul of prices, over 300 new items have been added.
520 _aSupersedes 138th edition (ISBN 9780415690775)
521 _aAdvanced
590 _aKA
651 4 _aUnited Kingdom
_y
690 _aBUILT ENVIRONMENT-BUILDING COSTS
710 _aDavis Langdon
_eEditor
_94649
942 _n0
999 _c115110
_d115110